000 00300nam a2200121Ia 4500
008 240731s9999 xx 000 0 und d
022 _a2325-8047
245 0 _aInternational Affairs Forum
260 _bRoutledge
856 _uhttps://www.tandfonline.com/loi/riaf20
942 _2ddc
942 _cTFEJ
999 _c77013
_d77013
945 _a1
_bMadushi Gamage
_c1
_dMadushi Gamage